000 00858nas a2200289 4500
001 BR2013004777
003 BR-BrBNA
005 20231205122527.0
007 ta
008 230509b bl.|||p| |||| 00| 00por d
040 _aBR-BrBNA
_bpor
_cBiblioteca Nacional de Agricultura
041 _a(Pt)
072 _aF61; F30
100 1 _aFranco, C.F.
100 1 _aPrado, R. de M.
100 1 _aBrachirolli, L.F.
100 1 _aRozane, D.E.
245 1 _aMarcha de absorção dos micronutrientes para mudas de goiabeiras cultivares Paluma e Século XXI
650 _aGOIABA
650 _aVARIEDADE
650 _aMUDA
650 _aNUTRIÇÃO VEGETAL
650 _aMICROELEMENTO
773 0 _tBragantia (Brazil)
_xISSN 0006-8705
_g(Jan-Mar 2008), v. 67(1) p. 83-90
_wBR2013004777
909 _a202311
_bLúcia
_c55
_dLúcia Elande
942 _2AGRIS
_n0
_cANA
999 _c229127
_d229127